Social Challenges of Economic and Monetary Union : (Record no. 609660)

MARC details
000 -LEADER
fixed length control field 00548nam a2200193 a 4500
001 - CONTROL NUMBER
control field 1769935627294
003 - CONTROL NUMBER IDENTIFIER
control field YourLibrary
005 - DATE AND TIME OF LATEST TRANSACTION
control field 20260201143128.0
008 - FIXED-LENGTH DATA ELEMENTS--GENERAL INFORMATION
fixed length control field 260201s1998##################000#0#eng##
020 ## - INTERNATIONAL STANDARD BOOK NUMBER
International Standard Book Number 9789052018065
082 04 - DEWEY DECIMAL CLASSIFICATION NUMBER
Classification number 332.4566094
Item number POC
040 ## - CATALOGING SOURCE
Original cataloging agency YourLibrary
Language of cataloging eng
Transcribing agency YourLibrary
100 1# - MAIN ENTRY--PERSONAL NAME
Personal name Pochet, Philippe,
Relator term author.
245 10 - TITLE STATEMENT
Title Social Challenges of Economic and Monetary Union :
260 ## - PUBLICATION, DISTRIBUTION, ETC.
Name of publisher, distributor, etc. Peter Lang Pub Incorporated,
Date of publication, distribution, etc. 1998.
300 ## - PHYSICAL DESCRIPTION
Extent 171 pages
650 #0 - SUBJECT ADDED ENTRY--TOPICAL TERM
Topical term or geographic name entry element Business & Economics.
942 ## - ADDED ENTRY ELEMENTS (KOHA)
Koha item type English Books
Holdings
Withdrawn status Lost status Damaged status Not for loan Home library Current library Shelving location Date acquired Total Checkouts Full call number Barcode Date last seen Price effective from Koha item type
        Anna Centenary Library Anna Centenary Library 4TH FLOOR, A WING 01.02.2026   332.4566094 POC 222508 01.02.2026 01.02.2026 English Books

Find us on the map